Catalog

Record Details

Catalog Search



Reading Luke : A New Commentary for Preachers  Cover Image Book Book

Reading Luke : A New Commentary for Preachers / Charles H. Talbert  

Record details

  • ISBN: 0-281-04494-5
  • Physical Description: ix, 246 s.
  • Edition: First published
  • Publisher: London : S.P.C.K., 1982

Available copies

  • 1 of 1 copy available at Common Catalog SPOK.

Holds

  • 0 current holds with 1 total copy.
Show Only Available Copies
Location Call Number / Copy Notes Barcode Shelving Location Status Due Date
ETS Library 226.406 424470017969 Volný výběr Available -

LDR nam a22 i 4500
00147418
003CZ-PrJAB
00520201108104412.0
007ta
008201108s1982 xxk e 000 0 eng
020 . ‡a0-281-04494-5
040 . ‡aABG450 ‡bcze ‡erda
08214. ‡a226.406
1001 . ‡aTalbert, Charles H. ‡4aut
24510. ‡aReading Luke : ‡bA New Commentary for Preachers / ‡cCharles H. Talbert  
250 . ‡aFirst published
264 1. ‡aLondon : ‡bS.P.C.K., ‡c1982
300 . ‡aix, 246 s.
336 . ‡atext ‡btxt ‡2rdacontent
338 . ‡asvazek ‡bnc ‡2rdacarrier
6530 . ‡aBible N.T. Luke - Critical studies
910 . ‡aABG450
995 . ‡aska
901 . ‡a47418 ‡b ‡c47418 ‡tbiblio

Additional Resources